Diversidad : la clave del proceso FSM /
Guardat en:
| Autor principal: | |
|---|---|
| Format: | Text |
| Idioma: | Spanish |
| Publicat: |
La Habana:
Editorial de Ciencias Sociales
|
| Matèries: | |
| Etiquetes: |
Afegir etiqueta
Sense etiquetes, Sigues el primer a etiquetar aquest registre!
|
MARC
| LEADER | 00000 a a2200000 04500 | ||
|---|---|---|---|
| 001 | 39047 | ||
| 003 | cru CIDCACS/IIS | ||
| 005 | 20170530145530.0 | ||
| 008 | 170530b xxu||||| |||| 00| 0 spa d | ||
| 020 | |a 978-959-06-1023-3 | ||
| 040 | |c CIDCACS/IIS | ||
| 090 | |a 05.02.01 D618d | ||
| 100 | 1 | |9 4927 |a Whitaker, Chico | |
| 245 | |a Diversidad : |b la clave del proceso FSM / |c Chico Whitaker | ||
| 260 | |a La Habana: |b Editorial de Ciencias Sociales | ||
| 300 | |a Páginas 175-182 | ||
| 650 | |a ASPECTOS SOCIALES | ||
| 650 | |a CONTROL SOCIAL | ||
| 650 | |a ASPECTOS POLITICOS | ||
| 650 | |a IDEOLOGIAS | ||
| 650 | |a PATRIARCADO | ||
| 773 | 0 | |0 948 |9 1023 |a Instituto de Filosofía |d La Habana: Editorial de Ciencias Sociales |o 06307 |t Diversidad, identidad y articulación: |w (cru CIDCACS/IIS)39038 |z 978-959-06-1023-3 | |
| 942 | |2 ddc |c LI | ||
| 999 | |c 14651 |d 14651 | ||



